| 000 | 00994nam a22002657a 4500 | ||
|---|---|---|---|
| 999 |
_c64701 _d64701 |
||
| 005 | 20240530110745.0 | ||
| 008 | 181128s2018 ua ch f b 000 0 ara d | ||
| 017 |
_a8661 _bمصر. دار الكتب |
||
| 020 | _a9789775895363 | ||
| 040 |
_aEG-CaGPL _cEG-CaGPL |
||
| 082 | 0 | 4 |
_221 _a305.4 / _bق/هـ ب |
| 100 | 0 | _aهدى الصدة | |
| 245 | 1 | 0 |
_aبناء ونضال من ارشيف الحركة النسوية المصرية / _cهدى الصدة، ميسان حسن |
| 250 | _aط.1 | ||
| 260 |
_aالقاهرة : _bمؤسسة المرأة والذاكرة، _c2018. |
||
| 300 |
_a189ص. : _bايض ؛ _c32 سم. |
||
| 504 | _aيشتمل على ارجاعات ببليوجرافية | ||
| 650 | 0 | 7 |
_2qrmak _aالمرأة فى السياسة |
| 650 | 0 | 7 |
_2qrmak _aالمرأة فى الحياة العامة |
| 650 | 0 | 7 |
_2qrmak _aالمرأة فى مصر |
| 651 | _2qrmak | ||
| 653 | 0 | _aالحركات النسائية | |
| 942 |
_2ddc _cBK |
||